000 00865nam a2200205 a 4500
001 BRCA_2156
005 20190320203707.0
008 000516s1999 onc#---##b---f000-0deng-d
040 _aCaOODP
_beng
_cNLC
_dDLC
050 4 _aN6555
_b.L69 1999
100 1 _aLozano, Luis-Martín
_92099
245 1 0 _aMexican Modern Art
_b1900-1950
_cLuis-Martín Lozano ; with contributions by Laura González Matute ... [et al.] ; under the general editorship of Mayo Graham.
260 _aOttawa
_bNational Gallery of Canada : The Montreal Museum of Fine Arts
_c1999
300 _a190 p.
_bil. a color
_c30 cm.
500 _aCatálogo de la exposición realizada en National Gallery of Canada, (Otawa), 25 febrero - 21 mayo, 2000
650 1 4 _aArte mexicano
_vExposiciones
_ySiglo XX
_92618
700 1 _aGraham, Mayo
_96503
700 1 _aGonzález Matute, Laura
_9484
942 _2lcc
_cB
999 _c1913
_d1913